000 00570nam a2200145Ia 4500
005 20241213031050.0
008 240331s9999 xx 000 0 und d
082 _bHSU
_a951
100 _aHsueh-Chin, T
245 2 _aA dream of red mansions :
_bVolume I
260 _aPeking
_bForeign Languages press
_c1978
300 _axiv, 599 p .,
500 _aA Dream of red Mansions the great classical chinese novel written in the mid-eighteenth century during the reign of Emperor Chien-lung of the ching Dynasty, has been widely popular throughout the last two hu
942 _cL
999 _c3356
_d3356